1180 1358 1042 1223 1944 1890 1143 1936 1935 1957 1192 1585 1695 1143 1832 1954 1478 1995 1323 1052 1745 1844 1433 1819 1293 1168 1105 1405 1434 1162 1578 1276 1428 1577 1489 1017 1572 1122 1641 1372 1715 1420 1294 1621 1373 1994 1899 1007 1542 1078 1215 1264 1958 1793 1326 1531 1706 1863 1776 1729 1267 1100 1993 1493 1694 1565 1667 1696 1214 1221 1653 1582 1704 1359 1928 1629 1810 1361 1839 1337 1424 1441 1731 1715 1626 1486 1689 1638 1512 1873 1084 1635 1232 1697 1850 1603 1937 1364 1181 BCNSPRNW ULIB Ver.6.0+V

เปลี่ยนเป็นภาษาไทย

Change to English
 แสดงรายละเอียดบรรณานุกรม
  กลับหน้าหลัก

Brief Record : Get Marc (ISO 2709) : E-mail record : QR code < ปิดหน้าต่าง
LEADER : 00000nam 2200000uu 4500
001    13399125562
003     ULIB
008    170628s2558||||th 000 0 tha d
020    ^a9786161124946
060 04 ^aWB115^bต367
245 00 ^aตำราอายุรศาสตร์ มหาวิทยาลัยรังสิต =^bTextbook of MedicineRangsit University /^cบรรณาธิกา, ประเสริฐ ธนกิจจารุ
246 31 ^aTextbook of Medicine Rangsit University /^
250    ^aพิมพ์ครั้งที่ 1
260    ^aกรุงเทพฯ :^bกลุ่มงานอายุรศาสตร์ โรงพยาบาลราชวิถีสังกัดกรมการแพทย์กระทรวงสาธารณสุข,^c2558
300    ^aก-ญ. , 535 หน้า :^bภาพประกอบ (ภาพสีบางภาพ) ;^c30 ซม.
650  2 ^aMedicine
650  4 ^aอายุรศาสตร์
700 0  ^aประเสริฐ ธนกิจจารุ,^eบรรณาธิการ
700 0  ^aไพรัช เกุตรัตนกุล,^eบรรณาธิการ
700 0  ^aวีระศักดิ์ ศรินนภากร,^eบรรณาธิการ
700 0  ^aกิตติ ชื่นยง,^eบรรณาธิการ
710 2  ^aโรงพยาบาลราชวิถี.^bภาควิชาอายุรศาสตร์
710 2  ^aRajavithi Hospital .^bDepartment of Medicine
945    ^p0^l0^i002459
945    ^p0^l0^i002460
945    ^p0^l0^i002461
945    ^p0^l0^i002462
945    ^p0^l0^i002463
999    ^aวรรณษา ชูชัยมงคล
รายการนี้ยังไม่มีแท็ก
คุณยังไม่ได้ล็อกอิน คุณสามารถมีกิจกรรมร่วมกับเว็บไซต์ได้ แต่ต้องล็อกอินก่อน ::
  ล็อกอิน

รายการสื่อสารสนเทศ

ลำดับที่ ประเภท เลขเรียก/บาร์โค้ด สถานที่ สถานะ
1. วิทยาศาสตร์การแพทย์ และสุขภาพ
วิทยาศาสตร์การแพทย์ และสุขภาพ
สถานะ=หนังสือเก่า
WB115 ต367 ฉ.1 
  Barcode: 002459
ห้องสมุดวิทยาเขตสวรรค์ประชารักษ์
►ส่วนจัดเก็บหนังสือเก่า สปร
บนชั้น
  ขอยืม
2. วิทยาศาสตร์การแพทย์ และสุขภาพ
วิทยาศาสตร์การแพทย์ และสุขภาพ
สถานะ=หนังสือเก่า
WB115 ต367 ฉ.2 
  Barcode: 002460
ห้องสมุดวิทยาเขตสวรรค์ประชารักษ์
►ส่วนจัดเก็บหนังสือเก่า สปร
บนชั้น
  ขอยืม
3. วิทยาศาสตร์การแพทย์ และสุขภาพ
วิทยาศาสตร์การแพทย์ และสุขภาพ
สถานะ=หนังสือเก่า
WB115 ต367 ฉ.3 
  Barcode: 002461
ห้องสมุดวิทยาเขตสวรรค์ประชารักษ์
►ส่วนจัดเก็บหนังสือเก่า สปร
บนชั้น
  ขอยืม
4. วิทยาศาสตร์การแพทย์ และสุขภาพ
วิทยาศาสตร์การแพทย์ และสุขภาพ
สถานะ=หนังสือเก่า
WB115 ต367 ฉ.4 
  Barcode: 002462
ห้องสมุดวิทยาเขตสวรรค์ประชารักษ์
►ส่วนจัดเก็บหนังสือเก่า สปร
บนชั้น
  ขอยืม
5. วิทยาศาสตร์การแพทย์ และสุขภาพ
วิทยาศาสตร์การแพทย์ และสุขภาพ
สถานะ=หนังสือเก่า
WB115 ต367 ฉ.5 
  Barcode: 002463
ห้องสมุดวิทยาเขตสวรรค์ประชารักษ์
►ส่วนจัดเก็บหนังสือเก่า สปร
บนชั้น
  ขอยืม

รายการใกล้เคียง
    หัวเรื่อง [Medicine]
    หัวเรื่อง [อายุรศาสตร์]

BibComment


ยังไม่เคยถูกคอมเมนท์

คอมเมนท์ทรัพยากรรายการนี้
  คอมเมนท์: ตำราอายุรศาสตร์ ..


 Copyright 2026. Bcnsprnw @Library